Responses for Show #5717 - Tuesday, June 16, 2009

Champion Update #5: Brad Rutter.

Contestants

[<< previous game]

Ellen Brown, a hospice medical director from Palo Alto, California

Travis Shaw, a historical interpreter from Walkersville, Maryland

Francois Dominic Laramée, a writer and TV personality from Verdun, Quebec, Canada (whose 1-day cash winnings total $19,000)

[next game >>]

Jeopardy! Round responses

HE WAS PRESIDENT WHEN...
RECORD LABELS
DO-GOODERS
BALLETS ALEX COULD STAR IN
ONE OF THESE THINGS IS NOT LIKE THE OTHERS
ANAGRAMS
    $200 6
Richard Nixon

Ellen
    $200 16
Apple

François
    $200 1
the March of Dimes

François
    $200 26
The Nutcracker

Triple Stumper
    $200 11
broccoli

François
    $200 19
goodbye

Travis
    $400 7
(Ellen: Who is Jimmy Carter?)

Gerald Ford

TravisEllen
    $400 17
Motown

François
    $400 2
Amnesty International

François
    $400 27
Don Quixote

François
    $400 12
Michigan

Travis
    $400 22
Earth

François
    $600 8
Madison

François
    $600 18
(Alex: And that iconic tower is [*]. Looks like a stack of old records.)

Capitol Records

Triple Stumper
    $600 3
the WHO (World Health Organization)

Travis
    $600 28
Cinderella

Travis
    $600 13
Sarah Palin

Travis
    $600 23
silent

Travis
    $800 9
Buchanan

Travis
    $1,200 20
(Travis: What is Island?)

Atlantic

Travis
    $800 4
Success

François
    $800 29
Romeo and Juliet

Ellen
    $800 14
X

Travis
    $800 24
stimulus

Travis
    $1000 10
Jefferson

Travis
    $1000 21
Sub Pop

Triple Stumper
    $1000 5
Lance Armstrong

François
    $1000 30
Lizzie Borden

Travis
    $1000 15
Dodge

Travis
    $1000 25
Spandex

François

Scores at the first commercial break (after clue 15):

François Travis Ellen
$3,200 $5,600 -$200

Scores at the end of the Jeopardy! Round:

François Travis Ellen
$5,600 $7,600 $600

Double Jeopardy! Round responses

10 YEARS GONE
CHARACTERS IN CASABLANCA
IAMBIC WORDS
(Alex: Two syllables in each correct response, with the stress on the second syllable.)
ON THE "MA"P
YOU'VE BEEN POSTERIZED!
LACE
(Sarah: ...from the Lace Center in Bruges, a center of the craft for hundreds of years.)
    $400 6
Joe DiMaggio

François
    $400 26
Rick

Travis
    $400 11
outgrow

Ellen
    $400 1
(Alex: Yeah, don't miss that one.)

Manitoba

François
    $400 16
(Andy) Warhol

Travis
    $400 21
Latin

Travis
    $800 7
Antarctica

Travis
    $800 27
Sam

François
    $800 12
estate

Triple Stumper
    $800 2
Malta

François
    $800 17
Picasso

François
    $800 22
blonde lace

François
    $1200 8
(Gene) Siskel

François
    $1200 28
Ilsa

Triple Stumper
    $1200 13
détente

François
    $1200 3
Mazatlán

Triple Stumper
    $1200 18
Mt. Fuji

François
    $500 23
the French Revolution & the Industrial Revolution

François
    $1600 9
(Mario) Puzo

François
    $1600 29
(Ellen: What is Max?)

Louis

Ellen
Triple Stumper
    $1600 14
(Ellen: What is steakhouse?)

a hotel

Ellen
Triple Stumper
    $2,000 4
Macau

François
    $1600 19
Kandinsky

Ellen
    $1600 24
tatting

Triple Stumper
    $2000 10
Judith Campbell Exner

Triple Stumper
    $2000 30
Major Strasser

Triple Stumper
    $2000 15
inter

Triple Stumper
    $2000 5
the Strait of Malacca

Travis
    $2000 20
Rembrandt

Travis
    $2000 25
a bobbin

Triple Stumper

Scores at the end of the Double Jeopardy! Round:

François Travis Ellen
$17,300 $13,600 -$600

[wagering suggestions for these scores]

Final Jeopardy! Round responses

HISTORICAL POEMS
TravisWhat is the Charge of the Light Brigade?
$13,590
FrançoisWhat is the charge of the light brigade?
$10,000
"The Charge of the Light Brigade"

Final scores:

François Travis Ellen
$27,300 $27,190 -$600
2-day champion: $46,300 2nd place: $2,000 3rd place: $1,000

Game dynamics:

Coryat scores:

François Travis Ellen
$17,600 $14,800 -$600
23 R
(including 2 DDs),
0 W
19 R,
1 W
(including 1 DD)
4 R,
3 W

Combined Coryat: $31,800

[game clues] [game scores] [suggest correction]

Game tape date: 2009-03-17
The J! Archive is created by fans, for fans. Scraping, republication, monetization, and malicious use prohibited; this site may use cookies and collect identifying information. See terms. The Jeopardy! game show and all elements thereof, including but not limited to copyright and trademark thereto, are the property of Jeopardy Productions, Inc. and are protected under law. This website is not affiliated with, sponsored by, or operated by Jeopardy Productions, Inc. Join the discussion at JBoard.tv.